Figures de style - Statistiques

Statistiques générales
  • Ce quiz a été pris 60 fois
    6 depuis la dernière actualisation
  • Le résultat moyen est 6 sur 44
Statistiques - réponses
Indices Réponses % Correct
Répétition ou la reprise d'un même mot ou de plusieurs mots en début de phrases, de propositions, de paragraphes, de groupes de mots ou de vers qui se suivent. Ex : “Moi Président”. Anaphore
100%
Expression d'une idée par son contraire. Ex : C'est du joli ! Antiphrase
75%
Énumération de mots ou groupes de mots présentant une succession ordonnée, croissante ou décroissante. Ex : Va, cours, vole, et nous venge. Gradation
75%
Consiste à représenter une notion abstraite au moyen d'éléments réels, concrets. Ex : la colombe et le rameau représentent la paix. Allégorie
50%
Figure de rhétorique qui consiste à atténuer l'expression de sa pensée. Ex : ce n'est pas mauvais = c'est très bon. Litote
50%
Consiste à remplacer un terme par un autre terme qui ne désigne pas la même chose mais qui lui est lié par un rapport logique. Ex : « Je vais écrire ce papier » Métonymie
50%
Remplacement d'un mot par sa définition ou par une expression plus longue. Ex : Le roi des animaux. Périphrase
50%
Répétition d'une ou plusieurs consonnes dans une suite de mots. Ex : « Pour qui sont ces serpents qui sifflent sur vos têtes ? » s'interroge Oreste dans Andromaque de Racine (Acte V, scène V). Allitération
25%
Figure de style qui consiste en la répétition d'un même son (phonème) vocalique dans plusieurs mots proches. Par exemple, avec /i/ : « Tout m'afflige et me nuit et conspire à me nuire » (Racine, Phèdre), avec le phonème /a/ : « Ô lac, l'année à peine a fini sa carrière » (Alphonse de Lamartine, Le Lac dans Méditations poétiques). Assonance
25%
Figure de style qui consiste en un croisement d'éléments dans une phrase ou dans un ensemble de phrases sur un modèle AB/BA et qui a pour effet de donner du rythme à une phrase ou d'établir des parallèles. Ex : « Un roi chantait en bas, en haut mourait un dieu. » (Victor Hugo), « Le matin est neuf, neuf est le soir » (Robert Desnos). Chiasme
25%
Variété particulière de la figure de style précédente. Il faut qu'un des éléments échangés soit inclus dans l’autre. Ex : « Je viens d’acheter une belle toile de maître. » Par le mot toile, vous désignez en fait un tableau + la toile proprement dite, le tissu tendu, est un des éléments constitutifs du tableau. Synecdoque
25%
Texte poétique dont les premières lettres de chaque vers forment un mot lorsqu'on les lit à la verticale. Acrostiche
0%
Suite de lettres (parfois aussi de chiffres) qui, prononcées les unes après les autres, produisent le son d'une phrase ayant un sens. Ex : LHOOQ (Marcel Duchamp), NRJ, K7, etc. Allographe
0%
Texte ou discours volontairement obscur ou inintelligible à visée burlesque, proche du galimatias. Ex : Le discours incompréhensible de Sganarelle dans "Le Médecin malgré lui" de Molière. Amphigouri
0%
Rupture ou discontinuité dans la construction d'une phrase. Ex : Le nez de Cléopâtre, s'il eût été plus court, la face du monde en eût été changée. (Blaise Pascal). Anacoluthe
0%
Reprise du dernier mot d’une proposition au début de la proposition qui suit. Ex : Il est bête. Bête il restera. Anadiplose
0%
Consiste à employer un nom commun pour signifier un nom propre. Ex : « fumer des Gitanes », Blanco (ou un Tipp-Ex), des boules Quiès, Scotch, Kärcher. Antonomase
0%
Chute d'un ou plusieurs phonèmes au début d'un mot (opposé à la réponse suivante).Ex : Bastien (pour Sébastien), car (pour autocar), droïde (pour androïde), Ricain (pour Américain), tondo pour rotondo (tableau rond). Aphérèse
0%
Phrase, sentence qui résume en quelques mots une vérité fondamentale. Ex : Rien n'est beau que le vrai. Aphorisme
0%
Chute d'un ou plusieurs phonèmes à la fin d'un mot (opposé à la réponse précédente). Ex : radio pour « radiodiffusion », « radiographie », « radiophonie », ciné pour « cinéma », cata pour « catastrophe », dej pour « déjeuner », etc. Apocope
0%
Nom de famille qui semble refléter plaisamment l'occupation, professionnelle notamment, de quelqu'un. Ex : un kinésithérapeute qui s’appelle Crampe, Mme Piedroit, podologue. Aptonyme
0%
Procédé rhétorique consistant à se déprécier par fausse modestie pour tenter de mieux convaincre ou pour recevoir des éloges. Ex : « Je n'y connais pas grand-chose et je ne peux guère que contribuer à poser le problème. » En se dépréciant, celui qui emploie le chleuasme espère attirer sur lui au moins la confiance, au mieux la sympathie active de celui qui l'écoute. Chleuasme
0%
C’est l’inverse du précédent. Ex : Véronique Sanson, David Douillet. Contre-aptonyme
0%
Rébus utilisant uniquement les lettres, les chiffres et les signes typographiques.Ex : NUATETEGES : il faudra y trouver l'expression « Avoir la tête dans les nuages ». En effet, le mot tête se trouve « dans » le mot nuages. Dingbat
0%
Figure de style qui consiste à reprendre littéralement un segment de phrase, un groupe de mots ou un terme après un temps d'arrêt ou passant d'une fin de phrase au début de la phrase suivante. Exemple : « Songe, songe, Céphise, à cette nuit cruelle... » (Jean Racine) Épanalepse
0%
Figure de style consistant en la répétition, à la fin de deux ou de plusieurs groupes de phrases ou de vers qui se succèdent, d'un même mot ou d'un même groupe de mots. Ex : "Infiniment, la pluie, La longue pluie, La pluie. » Épiphore
0%
Consiste en la répétition d'une ou de plusieurs syllabes finales homophones de mots, de vers ou de phrase. Ex : Raymond Queneau, dans Exercices de style qui joue sur la répétition du groupe phonique « -cule » et de ses variables harmoniques « -ulbe » et « -bule » : « Un jour de canicule sur un véhicule où je circule, gesticule un funambule au bulbe minuscule ». Homéotéleute
0%
Deux mots de sens différents possédant la même orthographe. Ex : Nous portions nos portions. Les poules du couvent couvent. Je suis content qu'ils nous content cette histoire. Ces cuisiniers excellent à composer cet excellent plat. Il se gare à la gare sans crier gare. Homographie
0%
Deux mots différents possédant la même prononciation. Ex : Mer, mère, maire. Homophonie
0%
Figure consistant à attribuer à certains mots d'une phrase ce qui convient logiquement à d'autres mots de la même phrase, le plus souvent par inversion ou déplacement d'adjectifs. Ex : Ses yeux polis sont faits de minéraux charmants. Hypallage
0%
Figure de style consistant à exagérer l'expression d'une idée ou d'une réalité, le plus souvent négative ou désagréable, afin de la mettre en relief. Ex : « mourir de soif », « n'avoir que la peau et les os », « avoir une tonne de paperasse »… Hyperbole
0%
Figure de style consistant à décrire une scène de manière si frappante, qu'on croit la vivre. Hypotypose
0%
Le fait pour un mot ou une expression quelconque de provenir d'un nom propre. Ex : le mot poubelle, provenant du nom d'Eugène Poubelle, préfet de la Seine. Onomastisme
0%
Répétition d'un mot isolé afin de l'accentuer. Ex : Waterloo ! Waterloo ! Waterloo ! morne plaine ! Palilogie
0%
Mot se lisant dans les deux sens. Ex : "Esope reste ici et se repose" Palindrome
0%
Court énoncé utilisant toutes les lettres de l’alphabet. Ex : Portez ce vieux whisky au juge blond qui fume. Pangramme
0%
Consiste en la répétition d'un segment phrastique semblablement construit et d'une longueur similaire. Ex : Dieu aima les oiseaux et inventa les arbres. L’homme aima les oiseaux et inventa les cages. — Jacques Deval Parallélisme
0%
Figure de style qui consiste à rapprocher des mots de sonorités voisines dans une phrase. Ex : Qui vivra verra. Paronomase
0%
Se dit de mots presque homonymes (ex. éminent et imminent). Paronymie
0%
Figure de style qui consiste à parler de quelque chose après avoir annoncé que l'on ne va pas en parler. Ex : « Monsieur de La Rochefoucauld, pour ne pas le nommer... », « Je ne parlerai pas de son insolence, encore moins de sa grossièreté. », « Il est inutile de vous rappeler que nous sommes ici pour prendre une décision. ». Prétérition
0%
Figure de style qui consiste à faire parler un mort, un animal, une chose personnifiée, une abstraction. Elle est proche de la personnification, du portrait et de l'éthopée. Ex : Je suis la pipe d'un auteur ; On voit, à contempler ma mine, D’Abyssinienne ou de Cafrine, Que mon maître est un grand fumeur. — Charles Baudelaire Prosopopée
0%
Faute de syntaxe (construction incorrecte) permettant d'aboutir à un langage populaire proche du barbarisme. Ex : Si j'aurais su, j'aurais pas venu. Solécisme
0%
Répétition d'une même idée en termes différents dans certaines formules (= pléonasme). Ex : « Au jour d'aujourd'hui, je l'ai vu de mes yeux, monter en haut. » Tautologie
0%
Coordination de plusieurs éléments qui ne sont pas sur le même plan syntaxique ou sémantique. Ex : Sous le pont Mirabeau coule la Seine Et nos amours. Zeugme
0%
Aucun quiz correspondant
Distribution des résultats
% des personnes avec chaque résultat
Percentile par nombre de réponses
Votre historique - résultats
Vous n’avez pas pris ce quiz depuis la dernière actualisation